00899nam a22002417a 450000500170000001000130001702000220003003500130005203700160006504000120008108200210009310000250011424500570013926000480019627000480024430000200029250000510031265000260036365000260038994200300041599900190044595201930046420170124110000.0 aA-412616 a8171001971c29.00 aA-412616 bCen Lib/Ret aDPLbEN a344.0111734bPRA aPrakash, S.S.915534 aBonded labour and social justice /cby S.S. Prakash  aNew Delhi bDeep & Deep Publications c1990 aD-1/24, rajouri garden bNew Delhi e110027 a124p.c21cm(Hb) aIncludes bibliographical references and index  aSocial justice 93680 aBonded labour 915535 2ddccENh344.0111734mPRA c125798d125798 04104070aLbLd2015-06-23eCen Lib/Retg0.00l0o344.0111734 PRApA-412616r2015-06-23 00:00:00t1v0.00w2015-06-23yENzWritten off on approval by DLB (By Circulation); dtd 15-06-2023